Záruka (zatiaľ) neexistuje dá sa spoľahnúť na historické výnosy a podľa nich investovať?

Historická výkonnosť finančného trhu a predpoveď budúcich výnosov. Dôvody a konanie tvorcov trhových cien. Investičný horizont s pohľadom do histórie. Závislosť medzi dvomi sledovanými premennými. Výška zisku a straty pri historických výnosoch. Celkový výsledok z investovania.

Gespeichert in:
Bibliographische Detailangaben
1. Verfasser: Škriniar, Pavel, 1979-
Format: Buchkapitel
Sprache:Slowakisch
Schlagworte:
Tags: Tag hinzufügen
Keine Tags, Fügen Sie das erste Tag hinzu!

MARC

LEADER 00000naa a2200000 4500
001 0117725
005 20240502072321.4
041 0 |a slo 
044 |a SK 
245 1 0 |a Záruka (zatiaľ) neexistuje  |b dá sa spoľahnúť na historické výnosy a podľa nich investovať?  |c Pavel Škriniar 
520 |a Historická výkonnosť finančného trhu a predpoveď budúcich výnosov. Dôvody a konanie tvorcov trhových cien. Investičný horizont s pohľadom do histórie. Závislosť medzi dvomi sledovanými premennými. Výška zisku a straty pri historických výnosoch. Celkový výsledok z investovania. 
610 2 0 |a trh kapitálový 
610 2 0 |a trh finančný 
610 2 0 |a stratégia investičná 
610 2 0 |a investori 
610 2 0 |a nástroje investičné 
610 2 0 |a rozhodovanie finančné 
610 2 0 |a riziko trhové 
610 2 0 |a volatilita 
610 2 0 |a výnosy 
610 2 0 |a strata 
100 1 |a Škriniar, Pavel, 1979-